PHARMACOLOGY EASY CONCISE GOALORIENTED (Record no. 8509)

MARC details
000 -LEADER
fixed length control field 00291nam a22001337a 4500
003 - CONTROL NUMBER IDENTIFIER
control field SGT
082 ## - DEWEY DECIMAL CLASSIFICATION NUMBER
Classification number 615
Item number P15N
100 ## - MAIN ENTRY--PERSONAL NAME
Personal name NAJMI, AHMAD
245 ## - TITLE STATEMENT
Title PHARMACOLOGY EASY CONCISE GOALORIENTED
260 ## - PUBLICATION, DISTRIBUTION, ETC. (IMPRINT)
Place of publication, distribution, etc DELHI
Name of publisher, distributor, etc PARAS PUB
Year of Publication 2015
300 ## - PAGE DESCRIPTION
No. of Pages 256
650 ## - SUBJECT ADDED ENTRY--TOPICAL TERM
Topical term or geographic name as entry element PHARMACOLOGY
942 ## - ADDED ENTRY ELEMENTS (KOHA)
Source of classification or shelving scheme Dewey Decimal Classification
Koha item type Books
Holdings
Withdrawn status Lost status Source of classification or shelving scheme Damaged status Use restrictions Not for loan Collection code Home library Current library Shelving location Date acquired Vendor Name Cost, normal purchase price SGTU Bill Number Full call number Accession No. (Barcode) Date last seen Bill Date Koha item type
    Dewey Decimal Classification   Restricted Access   AYURVEDA SGT FA-FP Library SGT FA-FP Library Reference Book 17/03/2016 AHUJA 300.00 SGTU 6404 615 P15N FA3766 17/03/2016 22/12/2015 Books
    Dewey Decimal Classification   Restricted Access   AYURVEDA SGT FA-FP Library SGT FA-FP Library Reference Book 17/03/2016 AHUJA 300.00 SGTU 6404 615 P15N FA3767 17/03/2016 22/12/2015 Books